00313nam a2200097Ia 4500008004100000041000800041100002600049245009000075260003100165999001900196241105s9999 xx 000 0 und d aeng aThakur Rashmi9184142 aEvalution Of Indoor Environmental Quality And Energy Efficiency In Hospital Buildings bBNCA M Arch EA, Punec2020 c361983d361983